书目信息 |
| 题名: |
痔疮患者的家庭养护
|
|
| 作者: | 高峰 , 刘莹 主编 | |
| 分册: | ||
| 出版信息: | 北京 科学技术文献出版社 2008.05 |
|
| 页数: | 355页 | |
| 开本: | 21cm | |
| 丛书名: | ||
| 单 册: | ||
| 中图分类: | R657.105 | |
| 科图分类: | ||
| 主题词: | 痔--zhi--中西医结合疗法 | |
| 电子资源: | ||
| ISBN: | 978-7-5023-5938-6 | |
| 000 | 00804nam0 2200241 450 | |
| 001 | 012008846581 | |
| 005 | 20081219082459.46 | |
| 010 | @a978-7-5023-5938-6@dCNY19.00 | |
| 100 | @a20081219d2008 em y0chiy0120 ea | |
| 101 | 0 | @achi |
| 102 | @aCN@b110000 | |
| 105 | @ay z 000yy | |
| 106 | @ar | |
| 200 | 1 | @a痔疮患者的家庭养护@Azhi chuang huan zhe de jia ting yang hu@f高峰, 刘莹主编@Fzhu bian gao feng,liu ying |
| 210 | @a北京@c科学技术文献出版社@d2008.05 | |
| 215 | @a355页@d21cm | |
| 330 | @a本书全面系统地介绍了痔疮的中、西医诊断治疗方法,重点向患者介绍了患者的家庭调理常识及调理方法。 | |
| 606 | 0 | @a痔@Azhi@x中西医结合疗法 |
| 690 | @aR657.105@v4 | |
| 701 | 0 | @a高峰@Agao feng@4主编 |
| 701 | 0 | @a刘莹@Aliu ying@4主编 |
| 801 | 0 | @aCN@bQSSK@c20081219 |
| 905 | @b735762-64@dR657.105@eG122@f3 | |
| 痔疮患者的家庭养护/高峰, 刘莹主编.-北京:科学技术文献出版社,2008.05 |
| 355页;21cm |
| ISBN 978-7-5023-5938-6:CNY19.00 |
| 本书全面系统地介绍了痔疮的中、西医诊断治疗方法,重点向患者介绍了患者的家庭调理常识及调理方法。 |
| ● |
| 相关链接 |
|
|
|
正题名:痔疮患者的家庭养护
索取号:R657.105/G122
 
预约/预借
| 序号 | 登录号 | 条形码 | 馆藏地/架位号 | 状态 | 备注 |
| 1 | 735762 | 207357625 | 自科库401/401自科库 19排3列5层/ [索取号:R657.105/G122] | 在馆 | |
| 2 | 735763 | 207357634 | 自科库401/401自科库 19排3列5层/ [索取号:R657.105/G122] | 在馆 | |
| 3 | 735764 | 207357643 | 自科库401/401自科库 19排3列5层/ [索取号:R657.105/G122] | 在馆 |